000 00755nam a2200265Ia 4500
003 OSt
005 20220926011027.0
006 a|||||r|||| 00| 0
007 ta
008 220923b |||||||| |||| 00| 0 eng d
020 _a0131051237
037 _cGeneral Book
040 _aRTL
_cRTL
_beng
041 _2eng
_aeng
082 _aX9:(B), M1N0
100 _aHighland Esther H
_9313435
245 0 _aBusiness mathematics
250 _aEd 4th
260 _aNew Jersey
_bPrentice Hall
_c1990
300 _axii+627p. Appendix p. 489-622
_ccm.
650 _aIndustrial Economy
700 _a Rosenbaum Robert S
_9313436
942 _hX9:(B), M1N0
_cGB
_2CC
999 _c618868
_d618868